| 000 | 00441nam a22001697a 4500 | ||
|---|---|---|---|
| 005 | 20160530095724.0 | ||
| 008 | 160530b xxu||||| |||| 00| 0 eng d | ||
| 020 | _a81-259-1476-5 | ||
| 041 | _aeng | ||
| 082 | _b5915 | ||
| 100 |
_aSumathi, S & others _91478 |
||
| 245 | _aMarketing Research & Consumes Behaviour | ||
| 260 |
_aNew Delhi _bVikas Publishing House (P) Ltd. _c2005 |
||
| 300 | _a740 | ||
| 650 |
_aManagement _9241 |
||
| 942 | _cBK | ||
| 999 |
_c2095 _d2094 |
||